Nederlandse Provincies Quiz - Statistieken

Algemene statistieken
  • Deze quiz is 55 keer genomen
  • De gemiddelde score is 11 van 12
Antwoordstatistieken
Provincie % Correct
Drenthe
97%
Groningen
97%
Noord-Holland
97%
Utrecht
97%
Zuid-Holland
97%
Flevoland
94%
Friesland
94%
Overijssel
94%
Zeeland
94%
Limburg
91%
Noord-Brabant
91%
Gelderland
83%
Geen overeenkomende quizzen gevonden
Scoreverdeling
Procent van Mensen met Elke Score
Percentiel versus Aantal Correcte Antwoorden
Uw Scoregeschiedenis
U heeft deze quiz nog niet genomen